Normal view
MARC view
Entry Personal Name
001 - CONTROL NUMBER
- control field: 855729
003 - CONTROL NUMBER IDENTIFIER
- control field:
005 - DATE AND TIME OF LATEST TRANSACTION
- control field: 20210627084014.0
008 - FIXED-LENGTH DATA ELEMENTS
- fixed length control field: 210627|| aca||aabn | a|a d
040 ## - CATALOGING SOURCE
- Original cataloging agency:
- Transcribing agency:
100 ## - HEADING--PERSONAL NAME
- Personal name: Garrett, Henry E.
- Fuller form of name: (Henry Edward),
- Dates associated with a name: 1894-
670 ## - SOURCE DATA FOUND
- Source citation: Work cat.: ()738800: Garrett, Henry E. (Henry Edward), 1894-, Statistics in psychology and education /, 1926
